Pays de la Coalition qui ont participé à la guerre en Irak - Statistiques

Statistiques générales
  • Ce quiz a été pris 215 fois
  • Le résultat moyen est 7 sur 12
Statistiques - réponses
Années d'intervention Pays % Correct
2003-2011 Etats-Unis
99%
2003-2011 Royaume-Uni
90%
2003-2004 Espagne
78%
2003-2006 Italie
76%
2003-2005 Portugal
69%
2003-2008 Pologne
64%
2003-2011 Australie
58%
2003-2005 Pays-Bas
54%
2003-2008 Ukraine
41%
2003-2008 DanemarK
40%
2003-2008 Corée du Sud
36%
2003-2008 Géorgie
14%
Aucun quiz correspondant
Distribution des résultats
% des personnes avec chaque résultat
Percentile par nombre de réponses
Votre historique - résultats
Vous n’avez pas pris ce quiz